Представление документа в формате MARC21

Поле Инд. ПП Название Значение
Тип записи a
Библиографический уровень b
001 Контрольный номер RU/IS/BASE/410091876
005 Дата корректировки 20180216113850.7
008 Кодируемые данные 090201s2008||||RU|||||||||||#||||# rus0|
035 a Системный контрольный номер RUMARS-vtvg08_no7_ss157_ad1
2 AR-MARS
040 a Служба первич. каталог. Научная библиотека Тверского государственного университета
b Код языка каталог. rus
041 0_ a Код языка текста rus
h Код языка оригинала rus
080 a Индекс УДК 582:001.4
080 a Индекс УДК 504.61
084 a Индекс другой классификации/Индекс ББК 28.592
v Таблицы для массовых библиотек
084 a Индекс другой классификации/Индекс ББК 20.18
v Таблицы для массовых библиотек
100 1_ a Автор Журавлева И. В.
q Полное имя Журавлева И. В.
245 10 a Заглавие Анализ изменений малонарушенных лесных территорий в островной части Юго-Восточной Азии после 2000 года
504 a Библиография Библиогр.: с. 162 (9 назв. )
520 0_ a Аннотация Результаты оценки масштабов изменений наиболее крупных лесных массивов в Индонезии и Папуа-Новая Гвинея.
650 _4 2 Источник рубрики AR-MARS
a Основная рубрика Биология
650 _4 2 Источник рубрики AR-MARS
a Основная рубрика Систематика высших растений
650 _4 2 Источник рубрики AR-MARS
a Основная рубрика Экология
650 _4 2 Источник рубрики AR-MARS
a Основная рубрика Охрана природы
y Хронологическая подрубрика 21 в.
z Географическая подрубрика Азия
z Географическая подрубрика Индонезия
z Географическая подрубрика Папуа-Новая Гвинея
653 0_ a Ключевые слова Леса
653 0_ a Ключевые слова Охрана растений
653 0_ a Ключевые слова Дистанционное зондирование
653 0_ a Ключевые слова Обезлесивание
653 0_ a Ключевые слова Деградация лесов
653 1_ a Ключевые слова Труды Тверского государственного университета
653 1_ a Ключевые слова Индонезия, государство
653 1_ a Ключевые слова Папуа-Новая Гвинея, государство
653 1_ a Ключевые слова Малонарушенные территории
653 1_ a Ключевые слова Лесные территории
700 _0 a Другие авторы Ярошенко, А. Ю.
q Полное имя Ярошенко, А. Ю.
773 18 w Контрольный № источника RU/IS/BASE/354281908
a Заголовок основной записи Тверской государственный университет
t Название источника Вестник Тверского государственного университета. Сер. Биология и экология
d Место и дата издания Тверь : Тверской государственный университет, 2008
g Прочая информация N 7 (67), вып. 7. - С. 157-162
801 _0 a RU
b 17013097
c 20090201
856 40 x Примечание для ЭОР Реестр суммарного учета сетевых локальных документов
901 t Тип документа b
903 a code
b vtvg
d 16742
903 a year
b 2008
903 a no
b 7
903 a ss
b 157
903 a ad
b 1
911 a Биоразнообразие и охрана природы
920 a Оператор Нови
930 a Новая/Ретро полный текст